[Event "Staatsliga B/Ost"]
[Site "Baden"]
[Date "1998.11.14"]
[Round "3.1"]
[White "Lau, Ralph"]
[Black "Lanc, Alois"]
[Result "1/2-1/2"]
[WhiteElo "2445"]
[BlackElo "2405"]
[PlyCount "120"]
[EventDate "1998.10.17"]

1. d4 f5 2. Nf3 Nf6 3. Bg5 g6 4. c3 Bg7 5. Qb3 b6 6. e3 Bb7 7. Nbd2 e6 8. h4
Nc6 9. Ne5 Qc8 10. Bb5 O-O 11. Nxc6 Bxc6 12. Bxc6 dxc6 13. Nf3 Ne4 14. Bf4 c5
15. Ng5 Nxg5 16. hxg5 Rf7 17. O-O-O Qe8 18. f3 a5 19. a4 Qe7 20. Rhe1 Re8 21.
Kb1 e5 22. dxe5 Bxe5 23. g3 Kg7 24. Rd5 Bxf4 25. gxf4 Rd8 26. Qd1 Rxd5 27. Qxd5
Qd7 28. Rd1 Qxd5 29. Rxd5 Re7 30. Re5 Rd7 31. b3 h5 32. gxh6+ Kxh6 33. Kc2 Kg7
34. Re6 Kf7 35. Rc6 Kg7 36. e4 fxe4 37. fxe4 Rf7 38. f5 gxf5 39. exf5 Kf8 40.
Kd3 Rxf5 41. Rxc7 Rf6 42. Rb7 Ke8 43. Kc4 Kd8 44. Kb5 Rf3 45. Kxb6 Rxc3 46.
Kxa5 Kc8 47. Ka6 Kd8 48. a5 Kc8 49. Ka7 c4 50. b4 Rd3 51. b5 Rd7 52. a6 c3 53.
b6 c2 54. Ka8 Kd8 55. Rxd7+ Kxd7 56. b7 c1=Q 57. b8=Q Qc8 58. Ka7 Qc7+ 59. Qb7
Kd8 60. Ka8 Qc8+ 1/2-1/2

[Event "Staatsliga B/Ost"]
[Site "Baden"]
[Date "1998.11.14"]
[Round "3.4"]
[White "Steiner, Heinz"]
[Black "Vokroj, Rene"]
[Result "1/2-1/2"]
[WhiteElo "2160"]
[BlackElo "2285"]
[PlyCount "50"]
[EventDate "1998.10.17"]

1. d4 Nf6 2. Nf3 d6 3. g3 g6 4. Bg2 Bg7 5. O-O O-O 6. c4 Nbd7 7. Nc3 e5 8. e4
Qe7 9. h3 c6 10. Be3 exd4 11. Nxd4 Nc5 12. Qc2 Re8 13. f3 a5 14. Rfe1 Nh5 15.
g4 Nf6 16. Rad1 Nfd7 17. b3 Nf8 18. Qd2 Be6 19. f4 Rad8 20. f5 Bc8 21. Bf2 g5
22. Nb1 a4 23. b4 Ncd7 24. Nc3 Ne5 25. Qe2 Bd7 1/2-1/2

[Event "Staatsliga B/Ost"]
[Site "Baden"]
[Date "1998.11.14"]
[Round "3.1"]
[White "Vincze, Estvan"]
[Black "Schweda, Roland"]
[Result "1/2-1/2"]
[WhiteElo "2240"]
[BlackElo "2370"]
[PlyCount "44"]
[EventDate "1998.10.17"]

1. d4 Nf6 2. c4 g6 3. Nc3 Bg7 4. e4 O-O 5. Nge2 d6 6. Ng3 e5 7. d5 a5 8. Be2
Na6 9. h4 c6 10. Bg5 cxd5 11. cxd5 Bd7 12. h5 Nc5 13. Rb1 Qe8 14. Qd2 b5 15. b4
axb4 16. Rxb4 Na6 17. Rb2 b4 18. Nb1 Bb5 19. O-O Rb8 20. Bxb5 Qxb5 21. Na3 Qd7
22. Nc4 Nc5 1/2-1/2

[Event "Staatsliga B/Ost"]
[Site "Baden"]
[Date "1998.11.14"]
[Round "3.3"]
[White "Wadsack, Wolfgang"]
[Black "Ranits, Franz"]
[Result "1/2-1/2"]
[WhiteElo "2180"]
[BlackElo "2220"]
[PlyCount "38"]
[EventDate "1998.10.17"]

1. e4 Nf6 2. e5 Nd5 3. d4 d6 4. Bc4 Nb6 5. Bb3 Nc6 6. e6 fxe6 7. Nf3 Na5 8. Ng5
Nxb3 9. axb3 Nd5 10. Nc3 Nf6 11. Qe2 g6 12. h4 h6 13. Nxe6 Bxe6 14. Qxe6 Qd7
15. Qe2 c6 16. Ra5 Bg7 17. Rh3 Qc7 18. Ra4 Qd7 19. Ra5 Qc7 1/2-1/2

[Event "Staatsliga B/Ost"]
[Site "Baden"]
[Date "1998.11.14"]
[Round "3.4"]
[White "Krpelan, Wolfgang"]
[Black "Gugler, Edgar"]
[Result "1/2-1/2"]
[WhiteElo "2190"]
[BlackElo "2220"]
[PlyCount "68"]
[EventDate "1998.10.17"]

1. e3 d5 2. c4 c6 3. Nf3 Nf6 4. b3 g6 5. Bb2 Bg7 6. Be2 O-O 7. O-O Nbd7 8. Qc2
Re8 9. cxd5 Nxd5 10. Bxg7 Kxg7 11. Nc3 N7f6 12. d4 Bf5 13. Qb2 Nxc3 14. Qxc3
Bg4 15. Rac1 Qd6 16. Qb2 Bxf3 17. Bxf3 e5 18. dxe5 Qxe5 19. Qxe5 Rxe5 20. Rfd1
h5 21. Rc4 a5 22. a3 Rae8 23. Kf1 Rb5 24. Rd3 Ree5 25. Ke1 Kf8 26. a4 Rbc5 27.
Rd8+ Kg7 28. Rxc5 Rxc5 29. Kd2 b5 30. Rd6 bxa4 31. bxa4 Nd5 32. Bxd5 cxd5 33.
Ra6 f6 34. f3 34... g5 {Rest unleserlich} 1/2-1/2

[Event "Staatsliga B/Ost"]
[Site "Baden"]
[Date "1998.11.14"]
[Round "3.2"]
[White "Miniboeck, Guenter"]
[Black "Kummer, Helmut"]
[Result "1-0"]
[WhiteElo "2350"]
[BlackElo "2315"]
[PlyCount "49"]
[EventDate "1998.10.17"]

1. d4 d5 2. c4 c6 3. Nf3 e6 4. Nc3 dxc4 5. a4 Bb4 6. e3 b5 7. Bd2 a5 8. axb5
Bxc3 9. Bxc3 cxb5 10. b3 Bb7 11. bxc4 b4 12. Bb2 Nf6 13. Bd3 Nbd7 14. O-O Qc7
15. Re1 O-O 16. e4 e5 17. c5 exd4 18. Rc1 Ne5 19. c6 Ba6 20. Bxa6 Rxa6 21. Nxd4
Nxc6 22. e5 Nd5 23. Nxc6 Nc3 24. Bxc3 Rxc6 25. Bb2 1-0

[Event "Staatsliga B/Ost"]
[Site "Baden"]
[Date "1998.11.14"]
[Round "3.5"]
[White "Schuh, Franz"]
[Black "Perndl, Johann"]
[Result "1-0"]
[WhiteElo "2265"]
[BlackElo "2185"]
[PlyCount "77"]
[EventDate "1998.10.17"]

1. e4 c6 2. d4 d5 3. Nd2 dxe4 4. Nxe4 Nd7 5. Bc4 Ngf6 6. Ng5 e6 7. N1f3 h6 8.
Nh3 c5 9. Be3 Nb6 10. Bb5+ Bd7 11. dxc5 Nbd5 12. Bxd7+ Qxd7 13. Bd4 Qc7 14. c4
Qa5+ 15. Qd2 Qxd2+ 16. Kxd2 Nb4 17. a3 Nc6 18. Bxf6 gxf6 19. b4 O-O-O+ 20. Kc3
Rg8 21. g3 Bg7 22. Rad1 f5+ 23. Kb3 e5 24. Rd5 e4 25. Nh4 Ne7 26. Rdd1 Bf6 27.
Ng2 Nc6 28. Nhf4 Rge8 29. Ne3 Nd4+ 30. Ka2 Be5 31. Nfd5 h5 32. h4 Kd7 33. Rhe1
f6 34. Kb1 Kc6 35. Nc2 Ne6 36. Ka2 f4 37. gxf4 Nxf4 38. Nxf4 Bxf4 39. Nd4+ 1-0

[Event "Staatsliga B/Ost"]
[Site "Baden"]
[Date "1998.11.14"]
[Round "3.1"]
[White "Vlcek, Stanislav"]
[Black "Tibensky, Robert"]
[Result "0-1"]
[WhiteElo "2185"]
[BlackElo "2410"]
[PlyCount "110"]
[EventDate "1998.10.17"]

1. e4 g6 2. d4 Bg7 3. Nf3 d6 4. Nc3 Bg4 5. Be3 Nc6 6. Be2 e5 7. dxe5 Bxf3 8.
Bxf3 Nxe5 9. Be2 Nf6 10. f4 Ned7 11. Bf3 O-O 12. O-O Re8 13. Qd2 Nb6 14. Qd3
Qe7 15. Rae1 c6 16. a4 Rad8 17. a5 Nc8 18. Qc4 Qd7 19. Qb3 Re7 20. Bf2 Rde8 21.
Bg3 Qc7 22. e5 Nd7 23. Bh4 dxe5 24. Bxe7 Rxe7 25. Qa3 Bf8 26. b4 exf4 27. Rxe7
Nxe7 28. Ne2 Nf6 29. c4 g5 30. g4 Ng6 31. c5 Ne5 32. h3 Qd7 33. Qc3 Nxf3+ 34.
Qxf3 Nd5 35. Rd1 Qe8 36. Rd4 Bg7 37. Re4 Qd7 38. Qd3 h5 39. gxh5 f5 40. Rc4 Qe8
41. h6 Bxh6 42. b5 a6 43. bxc6 bxc6 44. Rc2 Bg7 45. Rc1 g4 46. Nd4 Qg6 47. Kh1
Bxd4 48. Qxd4 Qh5 49. Rb1 Qxh3+ 50. Kg1 Qe3+ 51. Qxe3 fxe3 52. Rb6 Kf7 53. Rxc6
g3 54. Kf1 Nf4 55. Rb6 e2+ 0-1

[Event "Staatsliga B/Ost"]
[Site "Baden"]
[Date "1998.11.14"]
[Round "3.2"]
[White "Neubauer, Martin"]
[Black "Bachofner, Andreas"]
[Result "1-0"]
[WhiteElo "2305"]
[BlackElo "2165"]
[PlyCount "69"]
[EventDate "1998.10.17"]

1. e4 e6 2. d4 d5 3. Nc3 Bb4 4. Bd3 dxe4 5. Bxe4 Nf6 6. Bd3 c5 7. a3 Ba5 8.
Nge2 cxd4 9. Nxd4 Bxc3+ 10. bxc3 e5 11. Ne2 O-O 12. O-O Bd7 13. Ng3 Bc6 14. f3
Nbd7 15. Qe1 Re8 16. Bg5 Qc7 17. Nf5 e4 18. fxe4 Bxe4 19. Qh4 Bxf5 20. Rxf5 Re5
21. Rxf6 Rxg5 22. Bxh7+ Kf8 23. Rxf7+ Kxf7 24. Qxg5 Qc5+ 25. Qxc5 Nxc5 26. Rf1+
Ke6 27. Bg6 Rd8 28. h4 Rd2 29. Rf5 b6 30. Rf7 a5 31. h5 Rd1+ 32. Kh2 Ra1 33.
Rxg7 Rxa3 34. h6 Kf6 35. Bh5 1-0

[Event "Staatsliga B/Ost"]
[Site "Baden"]
[Date "1998.11.14"]
[Round "3.3"]
[White "Bachofner, Christian"]
[Black "Fusi, Christoph"]
[Result "1/2-1/2"]
[WhiteElo "2050"]
[BlackElo "2250"]
[PlyCount "121"]
[EventDate "1998.10.17"]

1. e4 c6 2. d4 d5 3. Nc3 dxe4 4. Nxe4 Nd7 5. Bc4 Ngf6 6. Ng5 e6 7. Qe2 Nb6 8.
Bd3 h6 9. N5f3 c5 10. dxc5 Nbd7 11. Ne5 Nxe5 12. Qxe5 Nd7 13. Qe2 Nxc5 14. Bb5+
Bd7 15. Bxd7+ Nxd7 16. Nf3 Be7 17. O-O Qc7 18. Rd1 Bf6 19. c3 a6 20. Nd4 O-O
21. Qg4 Kh8 22. Qh3 Rfd8 23. Be3 Kg8 24. Rac1 Nf8 25. Qg4 Kh8 26. Nb3 b5 27.
Nc5 Qc6 28. Rxd8 Rxd8 29. Rd1 Rd5 30. Rxd5 Qxd5 31. a3 Qa2 32. h3 Qxb2 33. Nxa6
Qxa3 34. Qb4 Qxa6 35. Qxf8+ Kh7 36. Qb4 Qa1+ 37. Kh2 Qxc3 38. Qxb5 Qe5+ 39.
Qxe5 Bxe5+ 40. Kg1 g5 41. g4 Kg6 42. Kg2 h5 43. f3 hxg4 44. hxg4 f6 45. Bb6 Kf7
46. Kf1 Ke7 47. Ke2 Kd6 48. Kd3 Kd5 49. Bd8 Kd6 50. Ba5 f5 51. gxf5 exf5 52.
Bd8 Bf4 53. Ke2 Ke6 54. Kf1 Kf7 55. Kg2 Kg6 56. Bb6 Bc1 57. Ba7 f4 58. Kh3 Kf5
59. Bb8 Be3 60. Bc7 Bd4 61. Bb8 1/2-1/2

[Event "Staatsliga B/Ost"]
[Site "Baden"]
[Date "1998.11.14"]
[Round "3.4"]
[White "Zetthofer, Gerald"]
[Black "Steinert, Martin"]
[Result "1-0"]
[WhiteElo "2210"]
[BlackElo "2145"]
[PlyCount "89"]
[EventDate "1998.10.17"]

1. Nf3 d5 2. d4 Nf6 3. c4 c6 4. Nc3 e6 5. Bg5 Nbd7 6. e3 Qa5 7. cxd5 exd5 8.
Qc2 Bb4 9. Bd3 O-O 10. O-O Re8 11. Rfc1 Bxc3 12. bxc3 Ne4 13. Bh4 Nf8 14. c4
Bf5 15. Rab1 dxc4 16. Qxc4 Nd6 17. Qc3 Qd5 18. Bxf5 Qxf5 19. Qc5 Qe6 20. Ng5
Qd7 21. Bg3 Ne4 22. Nxe4 Rxe4 23. a4 Re6 24. a5 Rg6 25. Qb4 Rg5 26. Qxb7 Qxb7
27. Rxb7 Rxa5 28. Rc7 Ra6 29. Kf1 Ne6 30. R7xc6 Rxc6 31. Rxc6 a5 32. Bd6 f6 33.
d5 Ng5 34. f3 Nf7 35. Ba3 Ne5 36. Rc7 a4 37. d6 Rd8 38. f4 Nd7 39. Ra7 Nb6 40.
Bc5 Nc4 41. d7 Kf7 42. Ke2 a3 43. Kd3 Nb2+ 44. Kc2 f5 45. Bb6 1-0

[Event "Staatsliga B/Ost"]
[Site "Baden"]
[Date "1998.11.14"]
[Round "3.6"]
[White "Somasundram, Jayakumar"]
[Black "Hofbauer, Peter"]
[Result "1/2-1/2"]
[WhiteElo "2090"]
[BlackElo "2100"]
[PlyCount "106"]
[EventDate "1998.10.17"]

1. e4 Nf6 2. Nc3 d5 3. e5 d4 4. exf6 dxc3 5. fxg7 cxd2+ 6. Bxd2 Bxg7 7. c3 Qd5
8. Qf3 Qxf3 9. Nxf3 Nc6 10. Bb5 O-O 11. O-O-O Bg4 12. Be3 Rfd8 13. Rxd8+ Rxd8
14. Bxc6 bxc6 15. Nd4 Rd6 16. f3 Bd7 17. Nb3 Bh6 18. Bxh6 Rxh6 19. Rd1 Be6 20.
Rd8+ Kg7 21. h3 Rg6 22. g4 Rh6 23. Nd4 Rxh3 24. Nxe6+ fxe6 25. Rd7 Kf6 26. f4
Rh4 27. g5+ Kf7 28. Rxc7 Rxf4 29. Rxc6 Rf5 30. Ra6 Rxg5 31. Rxa7 h5 32. Ra4 e5
33. Rh4 Kf6 34. Rh1 e4 35. a4 Ke5 36. a5 Kd5 37. a6 Kc4 38. a7 Ra5 39. Rxh5
Rxa7 40. Kc2 Ra2 41. Re5 e6 42. Rxe4+ Kd5 43. Re2 e5 44. Kd3 Ra8 45. c4+ Kd6
46. b4 Ra3+ 47. Kc2 Ra2+ 48. Kd1 Ra1+ 49. Kd2 Ra2+ 50. Ke1 Ra1+ 51. Kf2 Rb1 52.
c5+ Kd5 53. Rd2+ Ke4 1/2-1/2

[Event "Staatsliga B/Ost"]
[Site "Baden"]
[Date "1998.11.14"]
[Round "3.4"]
[White "Simon, Walter"]
[Black "Weiss, Karl"]
[Result "1/2-1/2"]
[WhiteElo "2070"]
[BlackElo "2185"]
[PlyCount "48"]
[EventDate "1998.10.17"]

1. e4 c5 2. Nf3 d6 3. b3 Nf6 4. Nc3 Nc6 5. d3 g6 6. Bb2 Bg7 7. Nd5 e6 8. Ne3 e5
9. c4 Nd4 10. Bc3 Ng4 11. Nd5 Nf6 12. Nxd4 Nxd5 13. cxd5 exd4 14. Bd2 a5 15.
Be2 f5 16. O-O O-O 17. Rb1 Qe8 18. Bf4 Qe7 19. Qd2 b6 20. Bf3 Be5 21. Bg5 Bf6
22. Bxf6 Qxf6 23. Rbe1 Bd7 24. Be2 Rae8 1/2-1/2

[Event "Staatsliga B/Ost"]
[Site "Baden"]
[Date "1998.11.14"]
[Round "3.1"]
[White "Knoflicek, Ctibor"]
[Black "Polak, Thomas"]
[Result "0-1"]
[WhiteElo "2165"]
[BlackElo "2525"]
[PlyCount "72"]
[EventDate "1998.10.17"]

1. Nf3 Nf6 2. c4 e6 3. g3 d5 4. d4 dxc4 5. Qa4+ Nbd7 6. Bg2 a6 7. Nc3 c5 8.
dxc5 Bxc5 9. O-O O-O 10. Qxc4 b5 11. Qd3 Bb7 12. Bg5 Qb6 13. Bxf6 Nxf6 14. Rad1
Rfd8 15. Qc2 Rxd1 16. Qxd1 Rd8 17. Qb1 Ng4 18. e3 Nxf2 19. Kxf2 Bxe3+ 20. Ke2
Bh6 21. Rd1 b4 22. Rxd8+ Qxd8 23. Nd1 a5 24. Ne3 Ba6+ 25. Kf2 Bxe3+ 26. Kxe3
Qb6+ 27. Kf4 e5+ 28. Nxe5 Qf6+ 29. Ke3 Qxe5+ 30. Qe4 Qc5+ 31. Qd4 Qe7+ 32. Qe4
Kf8 33. Kd4 Qa7+ 34. Ke5 Qc7+ 35. Kd4 Qb6+ 36. Ke5 Qf6+ 0-1

[Event "Staatsliga B/Ost"]
[Site "Baden"]
[Date "1998.11.14"]
[Round "3.2"]
[White "Voegel, Wolfgang"]
[Black "Ligezinski, Martin"]
[Result "1/2-1/2"]
[WhiteElo "2230"]
[BlackElo "2165"]
[PlyCount "108"]
[EventDate "1998.10.17"]

1. d4 d5 2. c4 c6 3. Nf3 Nf6 4. Nc3 e6 5. e3 Nbd7 6. Qc2 Bd6 7. b3 O-O 8. Bb2
e5 9. cxd5 cxd5 10. dxe5 Nxe5 11. Nxe5 Bxe5 12. Nb5 Bf5 13. Qe2 Qa5+ 14. Kd1
Bd3 15. Qxd3 Bxb2 16. Rb1 Ba3 17. Nxa3 Qxa3 18. Qd2 Ne4 19. Qb2 Qxa2 20. Qxa2
Nc3+ 21. Kd2 Nxa2 22. Be2 Rfc8 23. Bg4 Rc7 24. Ra1 Nb4 25. Rhc1 Rxc1 26. Rxc1
g6 27. Rc7 f5 28. Bf3 Rb8 29. Rd7 a5 30. Bxd5+ Nxd5 31. Rxd5 b5 32. Kc3 b4+ 33.
Kd2 Ra8 34. Rb5 a4 35. bxa4 Rxa4 36. Ke2 Kg7 37. Rb7+ Kf6 38. Rxh7 b3 39. Rb7
Ra2+ 40. Kf3 b2 41. h4 Ke5 42. g3 Kd5 43. Kf4 b1=Q 44. Rxb1 Rxf2+ 45. Kg5 Rg2
46. Kxg6 Rxg3+ 47. Kxf5 Rf3+ 48. Kg6 Rxe3 49. h5 Rg3+ 50. Kh7 Ke6 51. Rb7 Kf6
52. h6 Rg2 53. Rg7 Rh2 54. Rg1 Kf7 1/2-1/2

[Event "Staatsliga B/Ost"]
[Site "Baden"]
[Date "1998.11.14"]
[Round "3.3"]
[White "Kuthan, Andreas"]
[Black "Wiedermann, Franz"]
[Result "0-1"]
[WhiteElo "2190"]
[BlackElo "2175"]
[PlyCount "82"]
[EventDate "1998.10.17"]

1. e4 Nf6 2. Nc3 d5 3. e5 Nfd7 4. d4 c5 5. f4 e6 6. Nf3 Nc6 7. Be3 a6 8. Qd2 b5
9. dxc5 Bxc5 10. Bxc5 Nxc5 11. Qf2 Qb6 12. Bd3 b4 13. Ne2 Rb8 14. O-O h6 15.
Kh1 Nxd3 16. cxd3 Qxf2 17. Rxf2 a5 18. Rc1 Kd7 19. Ned4 Nxd4 20. Nxd4 Ba6 21.
f5 exf5 22. Rxf5 Rhf8 23. Rcf1 Rbc8 24. e6+ Kd6 25. Rxf7 Rxf7 26. exf7 Rf8 27.
Nf5+ Kd7 28. Ne3 Ke6 29. Rc1 Bxd3 30. Rc6+ Ke5 31. Ng4+ Kf4 32. Nf2 Rxf7 33.
Nxd3+ Ke3 34. Kg1 Kxd3 35. Rc5 d4 36. Rxa5 Kc2 37. Rc5+ Kxb2 38. Rc4 d3 39.
Rxb4+ Kc3 40. Rb3+ Kc2 41. Rb6 Rc7 0-1

[Event "Staatsliga B/Ost"]
[Site "Baden"]
[Date "1998.11.14"]
[Round "3.5"]
[White "Fuchs, Stefan"]
[Black "Pernerstorfer, Johannes"]
[Result "1-0"]
[WhiteElo "2140"]
[BlackElo "2115"]
[PlyCount "91"]
[EventDate "1998.10.17"]

1. e4 c5 2. Nf3 e6 3. d4 cxd4 4. Nxd4 a6 5. Nc3 Nc6 6. Be3 Bb4 7. Qd2 Nf6 8. f3
d5 9. Nxc6 bxc6 10. O-O-O O-O 11. a3 Be7 12. Qf2 Nd7 13. f4 Qa5 14. exd5 exd5
15. Rd4 Bxa3 16. Ra4 Bxb2+ 17. Kxb2 Rb8+ 18. Kc1 Qc7 19. Bxa6 Bxa6 20. Rxa6 Nf6
21. Bd4 Nh5 22. Ra7 Rb7 23. Be5 Qd7 24. Rxb7 Qxb7 25. Qh4 g6 26. g4 f6 27. Bd6
Rd8 28. gxh5 Rxd6 29. hxg6 hxg6 30. Re1 Qf7 31. f5 Kg7 32. Qg3 Rd7 33. Rg1 g5
34. h4 Qe7 35. hxg5 fxg5 36. Qf4 Kf7 37. Qxg5 Qxg5+ 38. Rxg5 c5 39. Rg6 c4 40.
Nb5 Re7 41. Kd2 Re5 42. Nd4 Re4 43. Kc3 Rf4 44. Rd6 Ke7 45. Rxd5 Kf6 46. Kxc4
1-0

[Event "Staatsliga B/Ost"]
[Site "Baden"]
[Date "1998.11.15"]
[Round "4.1"]
[White "Lanc, Alois"]
[Black "Polak, Thomas"]
[Result "1/2-1/2"]
[WhiteElo "2405"]
[BlackElo "2525"]
[PlyCount "20"]
[EventDate "1998.10.17"]

1. e4 c6 2. d4 d5 3. Nc3 dxe4 4. Nxe4 Nd7 5. Bc4 Ngf6 6. Nxf6+ Nxf6 7. c3 Qc7
8. Qb3 e6 9. Nf3 Bd6 10. O-O O-O 1/2-1/2

[Event "Staatsliga B/Ost"]
[Site "Baden"]
[Date "1998.11.15"]
[Round "4.2"]
[White "Ligezinski, Martin"]
[Black "Hardt, Christian"]
[Result "0-1"]
[WhiteElo "2165"]
[BlackElo "2135"]
[PlyCount "94"]
[EventDate "1998.10.17"]

1. e4 c5 2. c4 g6 3. Nc3 Bg7 4. g3 d6 5. Bg2 Nc6 6. Nge2 e6 7. d3 Nge7 8. Be3
Nd4 9. O-O Nec6 10. f4 O-O 11. Rb1 a6 12. a3 Qa5 13. Bd2 Rb8 14. Kh1 Qc7 15.
Nxd4 Nxd4 16. Ne2 b5 17. Nxd4 Bxd4 18. b3 Bd7 19. Qc2 f6 20. Bc3 Bxc3 21. Qxc3
e5 22. Qd2 a5 23. Rb2 Rb7 24. Rfb1 Rfb8 25. Bf3 Kg7 26. Bd1 Qc6 27. cxb5 Qxb5
28. Qc3 Be6 29. Kg1 Qa6 30. Bc2 Rb5 31. a4 Rb4 32. Kg2 R8b7 33. fxe5 fxe5 34.
Rf1 Qb6 35. Rfb1 Qc7 36. Rf1 Qc8 37. Kg1 Qb8 38. Rfb1 Bh3 39. Re1 Rxa4 40. bxa4
Rxb2 41. Qd2 Qb4 42. Qxb4 cxb4 43. Rc1 b3 44. Bd1 Rg2+ 45. Kh1 b2 46. Rc7+ Kh6
47. Rb7 Rf2 0-1

[Event "Staatsliga B/Ost"]
[Site "Baden"]
[Date "1998.11.15"]
[Round "4.5"]
[White "Simon, Walter"]
[Black "Fuchs, Stefan"]
[Result "1/2-1/2"]
[WhiteElo "2070"]
[BlackElo "2140"]
[PlyCount "48"]
[EventDate "1998.10.17"]

1. e4 e5 2. Nc3 g6 3. f4 exf4 4. Nf3 Bg7 5. Bc4 Ne7 6. d4 O-O 7. Bxf4 d6 8. O-O
Nbc6 9. Qd2 Bg4 10. Bh6 Qd7 11. Bxg7 Kxg7 12. Nh4 f6 13. h3 g5 14. Nf3 Bh5 15.
d5 Bxf3 16. dxc6 Qxc6 17. Rxf3 Qxc4 18. Raf1 h6 19. g3 Rad8 20. Qf2 Qc5 21.
Qxc5 dxc5 22. Nb5 Rc8 23. Rd3 Rfd8 24. Rxd8 Rxd8 1/2-1/2

[Event "Staatsliga B/Ost"]
[Site "Baden"]
[Date "1998.11.15"]
[Round "4.6"]
[White "Zaynard, Andreas"]
[Black "Stummer, Walter"]
[Result "1-0"]
[WhiteElo "2015"]
[BlackElo "2020"]
[PlyCount "105"]
[EventDate "1998.10.17"]

1. e4 c5 2. Nf3 Nc6 3. b3 d6 4. Bb2 Nf6 5. Nc3 g6 6. Nd5 Bg7 7. Nxf6+ Bxf6 8.
Bxf6 exf6 9. Bb5 O-O 10. Bxc6 bxc6 11. O-O Re8 12. d3 f5 13. exf5 Bxf5 14. h3
Qa5 15. Re1 Bd7 16. Qd2 Qxd2 17. Nxd2 d5 18. Kf1 Be6 19. Re3 a5 20. a4 Rab8 21.
Rae1 Rb4 22. c3 Rb6 23. d4 cxd4 24. cxd4 Rb4 25. Nf3 Reb8 26. Ne5 R8b6 27. Rc1
Rxd4 28. Nxc6 Rd2 29. Ke1 Rb2 30. Nd4 Kg7 31. Rd1 Kf6 32. Rd2 Rb1+ 33. Ke2 Rb4
34. Rf3+ Kg7 35. Rc3 Rg1 36. Kf3 Kf6 37. Rc5 h5 38. Rxa5 g5 39. Rb5 Rxb5 40.
Nxb5 Ke5 41. Re2+ Kf6 42. Kg3 Rd1 43. Nc3 Rd3+ 44. Re3 Rd2 45. a5 h4+ 46. Kh2
Bc8 47. b4 Bb7 48. b5 Ba8 49. Re8 d4 50. Rxa8 dxc3 51. Rc8 Rd5 52. b6 Rb5 53.
a6 1-0

[Event "Staatsliga B/Ost"]
[Site "Baden"]
[Date "1998.11.15"]
[Round "4.2"]
[White "Wiedner, Robert"]
[Black "Neubauer, Martin"]
[Result "0-1"]
[WhiteElo "2190"]
[BlackElo "2305"]
[PlyCount "54"]
[EventDate "1998.10.17"]

1. d4 Nf6 2. Nf3 g6 3. g3 Bg7 4. Bg2 O-O 5. c4 d5 6. cxd5 Nxd5 7. O-O c5 8.
dxc5 Na6 9. Ng5 Ndb4 10. Qb3 Qa5 11. Nc3 h6 12. a3 Nc6 13. Nge4 Nd4 14. Qd1 Be6
15. b4 Nxb4 16. Rb1 Na6 17. e3 Nc6 18. Rxb7 Rac8 19. Rb5 Qd8 20. Qa4 f5 21. Rd1
Qe8 22. Qxa6 fxe4 23. Nd5 Qf7 24. Nf4 Bc4 25. Bxe4 g5 26. Bxc6 {
Rest unleserlich} 26... gxf4 27. exf4 Qe6 0-1

[Event "Staatsliga B/Ost"]
[Site "Baden"]
[Date "1998.11.15"]
[Round "4.3"]
[White "Fusi, Christoph"]
[Black "Hechl, Gerald"]
[Result "1/2-1/2"]
[WhiteElo "2250"]
[BlackElo "2190"]
[PlyCount "40"]
[EventDate "1998.10.17"]

1. e4 c5 2. Nf3 e6 3. d4 cxd4 4. Nxd4 Nf6 5. Nc3 d6 6. g4 h6 7. h4 Be7 8. Rg1
d5 9. Bb5+ Kf8 10. exd5 Nxd5 11. g5 Nxc3 12. bxc3 hxg5 13. hxg5 e5 14. Nb3
Qxd1+ 15. Kxd1 Be6 16. Be3 a6 17. Be2 Bd5 18. a4 Nd7 19. Kc1 Rc8 20. Kb2 f5
1/2-1/2

[Event "Staatsliga B/Ost"]
[Site "Baden"]
[Date "1998.11.15"]
[Round "4.4"]
[White "Weiss, Karl"]
[Black "Zetthofer, Gerald"]
[Result "1/2-1/2"]
[WhiteElo "2185"]
[BlackElo "2210"]
[PlyCount "114"]
[EventDate "1998.10.17"]

1. Nf3 d5 2. d4 Nf6 3. Bg5 e6 4. e3 Be7 5. Bd3 O-O 6. O-O Nbd7 7. Nbd2 b6 8. e4
dxe4 9. Nxe4 Bb7 10. Nxf6+ Bxf6 11. Be3 c5 12. dxc5 Nxc5 13. Bxc5 bxc5 14. c3
Qd5 15. Be2 Qf5 16. Bd3 Qh5 17. Qe2 Rab8 18. Rab1 Qg4 19. h3 Qa4 20. Qc2 Qxc2
21. Bxc2 Rfd8 22. Rfd1 Rxd1+ 23. Bxd1 Bxf3 24. Bxf3 Bxc3 25. b3 f5 26. Be2 Kf7
27. g3 Kf6 28. Kg2 e5 29. Rc1 Bd4 30. Re1 a5 31. Bc4 e4 32. a4 Rd8 33. Rd1 g5
34. f3 exf3+ 35. Kxf3 Re8 36. Rf1 Re3+ 37. Kg2 Rc3 38. Rf3 Rc2+ 39. Kf1 Rc1+
40. Kg2 Ke5 41. Bd3 f4 42. gxf4+ gxf4 43. Bxh7 Be3 44. Rf1 Rc3 45. Bg8 Rc2+ 46.
Kh1 Rb2 47. Bf7 Kf6 48. Bd5 Kg5 49. Bc4 Bf2 50. Kg2 Bg3+ 51. Kf3 Kf5 52. Bd3+
Ke5 53. Bc4 Rc2 54. Bg8 Rc3+ 55. Kg4 Ke4 56. Bh7+ Kd4 57. Rf3 Rxf3 1/2-1/2

[Event "Staatsliga B/Ost"]
[Site "Baden"]
[Date "1998.11.15"]
[Round "4.5"]
[White "Chulis, Alexander"]
[Black "Stoppel, Franz"]
[Result "1-0"]
[WhiteElo "2125"]
[BlackElo "2185"]
[PlyCount "37"]
[EventDate "1998.10.17"]

1. e4 e6 2. d4 d5 3. Bd3 Nf6 4. e5 Nfd7 5. Ne2 c5 6. c3 b6 7. O-O Ba6 8. Bxa6
Nxa6 9. f4 g6 10. Nd2 h5 11. Nf3 Nc7 12. h3 h4 13. Be3 Be7 14. Ng5 Kf8 15. Qd3
c4 16. Qc2 Ne8 17. Nxe6+ fxe6 18. Qxg6 Ng7 19. f5 1-0

[Event "Staatsliga B/Ost"]
[Site "Baden"]
[Date "1998.11.15"]
[Round "4.2"]
[White "Bachofner, Andreas"]
[Black "Miniboeck, Guenter"]
[Result "1/2-1/2"]
[WhiteElo "2165"]
[BlackElo "2350"]
[PlyCount "86"]
[EventDate "1998.10.17"]

1. e4 c5 2. Nf3 d6 3. d4 cxd4 4. Nxd4 Nf6 5. Nc3 a6 6. Be3 Ng4 7. Bg5 h6 8. Bh4
g5 9. Bg3 Bg7 10. Be2 h5 11. h4 gxh4 12. Rxh4 Nc6 13. Nb3 Be6 14. Qd2 Qb6 15.
Nd5 Bxd5 16. exd5 Nce5 17. O-O-O Bh6 18. f4 Qe3 19. Qxe3 Nxe3 20. fxe5 Nf5+ 21.
Kb1 Nxg3 22. exd6 Bg5 23. Rb4 Nxe2 24. dxe7 Bxe7 25. Rxb7 Rg8 26. Re1 Rxg2 27.
Nc1 Bg5 28. Rxe2+ Rxe2 29. Nxe2 O-O-O 30. Rxf7 Rxd5 31. Nc3 Re5 32. a3 a5 33.
Rh7 h4 34. Na4 Re1+ 35. Ka2 Bd8 36. b4 axb4 37. axb4 Rh1 38. b5 h3 39. b6 h2
40. b7+ Kb8 41. Nc5 Bc7 42. Na6+ Kxb7 43. Nxc7 Re1 1/2-1/2

[Event "Staatsliga B/Ost"]
[Site "Baden"]
[Date "1998.11.15"]
[Round "4.6"]
[White "Hofbauer, Peter"]
[Black "Perndl, Johann"]
[Result "0-1"]
[WhiteElo "2100"]
[BlackElo "2185"]
[PlyCount "102"]
[EventDate "1998.10.17"]

1. e4 c6 2. d4 d5 3. exd5 cxd5 4. c4 Nf6 5. Nc3 Nc6 6. cxd5 Nxd5 7. Nxd5 Qxd5
8. Nf3 Bg4 9. Be2 e6 10. O-O Be7 11. Be3 O-O 12. Qa4 a6 13. Rac1 b5 14. Qc2 Nb4
15. Qb3 Nxa2 16. Qxd5 exd5 17. Rc7 Bd6 18. Rc6 Rfd8 19. Bd2 Bb4 20. Bg5 Re8 21.
Ra1 Rxe2 22. Rxa2 a5 23. Kf1 Re6 24. Rxe6 Bxe6 25. Ke2 Rc8 26. Bd2 Bxd2 27.
Nxd2 a4 28. b3 Bd7 29. b4 Rc3 30. Kd1 Bf5 31. Ke2 Bd3+ 32. Kd1 Bc4 33. Ra1 Rd3
34. Kc2 Rxd4 35. Re1 Kf8 36. Re3 Rf4 37. f3 Rf6 38. Re5 Rd6 39. Kb2 f6 40. Nxc4
bxc4 41. Re1 d4 42. Ra1 Ra6 43. Rc1 a3+ 44. Ka2 c3 45. Kb3 a2 46. Ra1 Ke7 47.
b5 Ra5 48. b6 Rb5+ 49. Kc4 Rb2 50. Kxd4 c2 51. Kc3 Rb1 0-1